000 00335nam a22001457a 4500
005 20200531152604.0
008 200531b xxu||||| |||| 00| 0 eng d
041 _aeng
082 _a340
100 _aBARE ACT
_95744
245 _aTHE SARAIS ACT, 1867
260 _aDELHI
_bPROFESSIONALS BOOK PUBLISHERS
300 _a5;p
942 _cBK
999 _c6730
_d6728